| 000 | 00415 a2200145 4500 | ||
|---|---|---|---|
| 245 |
_aJapanese etiquette & ethics in business _hprint |
||
| 020 | _a0844285072 (pbk.) : | ||
| 250 | _a5th ed. | ||
| 650 | _aethics | ||
| 005 | 20191021095922.0 | ||
| 260 |
_ailu _bPassport Books _cc1987 |
||
| 084 | _aHF5387 .D384 1987 | ||
| 300 |
_aix, 182 p. : ill. _b 23 cm. _cix, 182 p. : ill. ; 23 cm. |
||
| 500 | _aBoye de Mente. | ||
| 999 |
_c12843 _d12843 |
||